Statystyki dla Captain Tsubsa - Rozpoznaj postacie.

Kliknij tutaj aby rozwiązać quiz!

Ogólne statystyki

  • Ten quiz został rozwiązany 36 razy
  • Średni wynik to 6 z 15

Statystyki odpowiedzi

HintOdpowiedź% Poprawnych
Główna postać Kapitana Tsubasy. Słynął ze swojego strzału: Dive Shot.Tsubasa Ozora
97%
Rywal postaci podanej powyżej, słynął ze swojego "Tygrysiego Strzału".Kojiro Hyuga
61%
Najlepszy bramkarz z Japonii, który słynął z tego, że prawie w ogóle nie puszczał żadnych bramek. Po pewnym czasie wyjechał do Niemiec, aby być bliżej rodziny która znajdowała się w Wielkiej Brytanii (Anglii).Genzo Wakabayashi
55%
Jeden z najlepszych przyjaciół głównej postaci, który ukazał się podczas meczu z Shutetsu, i wszedł na boisku, ponieważ zawodnik Nankatsu doznał kontuzji. Po pewnym czasie wyjechał do Francji.Taro Misaki
48%
Zawodnik ten był bardzo dobry, ale przez problemy z sercem nie mógł rozgrywać wszystkich meczy do końca, i przez to po meczu z Nankatsu jego serce się zatrzymało.Jun Misugi
45%
Bramkarz znany z tego, że był bardzo zwinny, i chodził na karate, więc dlatego było ciężko mu strzelić gola. Nie grał przez dłuższy czas, ponieważ chcąc uratować kotka przed nadjeżdżającym tirem, tir uderzył go w ramię. Meiwa ---> Toho.Ken Wakashimazu
39%
Przyjaciel głównej postaci. Zasłynął z tego, że lubiał bronić strzały głową.Ryo Ishizaki
39%
Zawodnik ten na początku występował w "Meiwa" w bardzo młodym wieku, więc prawie cała drużyna się z niego śmiała, ale był zdeterminowany, więc po dłuższym czasie zaczynał być lepszy, aż po pewnym czasie był jednym z najlepszych w drużynie. Pózniej grał w "Toho"Takeshi Sawada
35%
Postać znana z tego, że nigdy się nie poddawała. W meczu z Nankatsu cała jego drużyna wystąpiła z białymi szarfami na głowie.Hikaru Matsuyama
29%
Postać znana z tego, że miała bardzo dobrą budowę ciała i każdy miał problem w meczu by go wyminąć.Hiroshi Jito
29%
Jeden z najlepszych piłkarzy młodego pokolenia w Europie. Postać pochodzi z Niemiec, słynął z tego, iż miał znakomity drybling,zwinność i mocne strzały.Karl Heinz Schneider
29%
Gracz z reprezentacji Francji. Był bardzo patriotycznie nastawiony do swojego kraju.Elle Sid Pierre
23%
Gracz z reprezentacji Argentyny. Gracz który był porównywany do Diego Maradony, Geniusz piłkarski.Juan Diaz
23%
Postać ta bardzo kibicowała głównej postaci, i zarazem ukrycie go kochała i była o niego zazdrosna. Po dłuższym czasie została jego żoną.Sanae Nakazawa
23%
Bramkarz z reprezentacji Niemiec. Prawie zawsze łapał piłkę jedną ręką nawet te najmocniejsze strzały.Deuter Müller
16%

Rozkład punktacji

Percentyl według liczby udzielonych odpowiedzi

Procent ludzi z każdym wynikiem

Twoja historia wyników

Nie rozwiązałeś tego quizu